00953nam a2200229 i 4500003000900000005001700009007000300026008004100029040003000070082002900100100004400129245005700173264005200230300005400282336002700336337003300363338002800396500006400424600009100488651007800579651006600657DO-SdBNP20250630101947.0ta240502b1997 dr a|||| |||| 00| 0 spa d aDO-SdBNPbspacBNPHUerda 4a923.17293053bT866ar2221 aArzeno Rodríguez, Luis,d1922-eautor10aTrujillo ... Chapita no! /cLuis Arzeno Rodríguez. aSanto Domingo :beditor no identificado,c1997. a141 páginas :bilustraciones, retratos;c21 cm. 2rdacontentatextobtxt 2rdamediaasin mediaciónbn 2rdacarrieravolumenbnc aIncluye datos biográficos del autor en la contracubierta.10aTrujillo Molina, Rafael Leónidas,d1891-1961vAnécdotas, chistes y sátiras, etc. 4aRepública DominicanaxPolítica y gobiernoyEra de Trujillo, 1930-1961 0aRepública DominicanaxHistoria yEra de Trujillo, 1930-1961